000
00327nam a2200109Ia 4500
008
171211s9999 xx 000 0 und d
245
_a
Mil Mi-24 Hind Gunship (osprey New Vanguard 171)
245
_c
Alexander Miladenov
260
_c
2010
650
_x
Military
856
_u
http://down.ebook777.com/MilMi2HinGun(osNewVan171.pdf
999
_c
348333
_d
348333